| 000 | 02019nam0a2200385 4500 | ||
|---|---|---|---|
| 001 | RU\NLR\bibl\1142074 | ||
| 005 | 20260406025949.0 | ||
| 010 |
_a978-5-7695-4357-9 _93000 |
||
| 021 |
_aRU _b2007-60723 _93244 |
||
| 035 | _a(NLR Aleph) 001128927 | ||
| 090 |
_a1345444 _c1345444 |
||
| 100 | _a20071017d2007 |||y0rusy50 ca | ||
| 101 | 0 |
_arus _aeng |
|
| 102 | _aRU | ||
| 105 | _aa ||||||||| | ||
| 200 | 1 |
_aАнглийский язык для менеджеров _dEnglish for managers _eучебник для студентов образовательных учреждений среднего профессионального образования, обучающихся по специальности 0602 - Менеджмент ( по отраслям) _fН.Н. Колесникова, Г.В. Данилова, Л.Н. Девяткина _zeng |
|
| 205 | _a2-е изд., испр. | ||
| 210 |
_aМосква _cАкадемия _d2007 |
||
| 215 |
_a301, [1] с. _d22 |
||
| 225 | 1 |
_aСреднее профессиональное образование _iГуманитарные и социально-экономические дисциплины |
|
| 225 | 1 | _aУчебник | |
| 320 | _aБиблиогр.: с. 300 | ||
| 510 | 0 |
_aEnglish for managers _zeng |
|
| 606 | 1 |
_aАнглийский язык _xУчебные издания для менеджеров _92400120 _3RU\NLR\auth\661430735 |
|
| 686 | _aШ143.21-93рус227 | ||
| 686 | _aШ143.21-93рус329.3 | ||
| 700 | 1 |
_4070 _8rus _7ca _aКолесникова _bН. Н. _fканд. филол. наук _gНадежда Николаевна _3RU\NLR\AUTH\77362 _9110417 |
|
| 701 | 1 |
_aДанилова _bГ. В. _gГалина Васильевна _4070 |
|
| 701 | 1 |
_4070 _8rus _7ca _aДевяткина _bЛ. Н _cканд. филол. наук _gЛюбовь Николаевна _3RU\NLR\AUTH\7773533 _956461 |
|
| 801 | 0 |
_aRU _bNLR _c20071017 _gRCR |
|
| 801 | 1 |
_aRU _bNLR _c20071017 |
|
| 942 | _cBOOK | ||
| 980 | _aNB | ||